000 00567nam a2200193Ia 4500
003 GCL
008 140319s9999 xx 000 0 ara d
040 _aGCL /
_cGCL
082 0 4 _a320
_bع م
100 1 _aعبدالمعطى محمد عسانى
245 1 0 _aمقدمة الى علم السياسة /
_cعبدالمعطى محمد عسانى
700 1 _aمحمود على
300 _a366 ص
490 _a
650 0 4 _aالعلوم السياسية
650 0 4 _aالنظم السياسية
650 0 4 _aالسياسة - نظريات
942 _2ddc
_cBK
999 _c37601
_d37601